Jugar al teatro /

Contiene: Acto primero: el espacio: El espacio escénico, El espacio del público, Al hilo del espacio. Acto segundo: el actor: Algunas limitaciones para actuar, Preparación de un actor, Estudio e interpretación de un personaje. Acto tercero: el director: Elección de la obra, El texto literario, Elecc...

תיאור מלא

שמור ב:
מידע ביבליוגרפי
מחבר ראשי: Fernández Ladrón de Guevara, Miguel Angel (autor)
פורמט: ספר
שפה:ספרדית
יצא לאור: Santiago, Chile : Mare Nostrum, 2002, c2002
סדרה:(Forum Didáctico ; 1)
נושאים:
תגים: הוספת תג
אין תגיות, היה/י הראשונ/ה לתייג את הרשומה!

MARC

LEADER 00000nam^a2200000^a^4500
001 000185745
005 20250521000000.0
009 20260310102202
020 |a 84-95509-47-4 
037 |a Acervo ITESO - Biblioteca 
041 |a ESP 
082 |a 792.  |b FER 
100 |a Fernández Ladrón de Guevara, Miguel Angel  |e (autor) 
245 1 0 |a Jugar al teatro /  |c M.A. Fernández Ladrón de Guevara. 
264 4 |a Santiago, Chile :  |b Mare Nostrum,  |c 2002, c2002 
300 |a 133 p. 
336 |a texto  |b txt  |2 rdacontenido 
337 |a sin mediación  |b n  |2 rdamedio 
338 |a volumen  |b nc  |2 rdasoporte 
440 1 |a (Forum Didáctico ;  |v 1) 
520 |a Contiene: Acto primero: el espacio: El espacio escénico, El espacio del público, Al hilo del espacio. Acto segundo: el actor: Algunas limitaciones para actuar, Preparación de un actor, Estudio e interpretación de un personaje. Acto tercero: el director: Elección de la obra, El texto literario, Elección del reparto y del equipo técnico, El texto espectacular, El estreno. Epílogo. Breve vocabulario teatral. 
649 |a XX 
650 |a Actores 
650 |a Directores de Teatro 
650 |a Personajes de Ficción 
650 |a Montaje Teatral 
650 |a Producción (Artes Escénicas) 
650 |a Teatro 
650 |a Literatura 
650 |a Artes Escénicas 
910 |a Fondo General 
920 |a Impresos - Libros 
930 |a Colección General 
905 |a 101 
901 |a 0500127134  |b IT1  |c ACC  |u 20250521 
902 |a https://opac.biblio.iteso.mx/vufind/Record/000185745